00588nam a2200169 i 450000100060000000300090000600500170001500700030003200800410003510000310007624500650010726000450017230000300021785200320024799900170027995201220029677399ES-MaACL20230906173205.0t|041008s1969 sp ||||1| spa d1 aHamman, Adalbert G.96167310aGuía práctica de los Padres de la Iglesia / cA. Hamman. aBilbao : bDesclée de Brouwer, c1969. a344 p. : bil. ; c20 cm. aES-MaACLjC-36808 bR.71127 c77399d77399 00104070aATENEOMbATENEOMcDEPO2d2008-01-17eSCl0oC-36808p1080981r2023-02-23 00:00:00w2023-02-23yMONOGRAFIA